01230cam a22003374a 45000010008000000030004000080050017000120080041000290100017000700200022000870200027001090400018001360420008001540500025001620820017001871000026002042450073002302600078003033000021003814400022004025040066004246500040004906500022005306500011005526500034005637000025005977000019006228560085006418560093007268560073008192630322OSt20180117085955.0990304s1999 enk b 001 0 eng  a 99024181  a0335201059 (pbk.) a0335201067 (hardcover) aDLCcDLCdDLC apcc00aBF575.G7bP3775 199900a155.9/372211 aPayne, Sheila,d1954-10aLoss and bereavement /cSheila Payne, Sandra Horn, and Marilyn Relf. aBuckingham [England] ;aPhiladelphia, PA :bOpen University Press,c1999. a138 p. ;c23 cm. 0aHealth psychology aIncludes bibliographical references (p. [116]-128) and index. 0aBereavementxPsychological aspects. 0aLoss (Psychology) 0aGrief. 0aDeathxPsychological aspects.1 aHorn, Sandra,d1944-1 aRelf, Marilyn.423Publisher descriptionuhttp://www.loc.gov/catdir/description/mh051/99024181.html423Contributor biographical informationuhttp://www.loc.gov/catdir/bios/mh051/99024181.html413Table of contentsuhttp://www.loc.gov/catdir/toc/mh051/99024181.html